[Event "Konyaalti op"]
[Site "Konyaalti"]
[Date "2019.11.18"]
[Round "3"]
[White "Erbis, Baris"]
[Black "Yurtseven, Melih"]
[Result "0-1"]
[WhiteElo "1913"]
[BlackElo "2388"]
[PlyCount "52"]
[EventDate "2019.11.17"]
[EventType "swiss"]
[EventRounds "9"]
[EventCountry "TUR"]
[SourceTitle "CBM 193 Extra"]
[Source "ChessBase"]
[SourceDate "2020.01.31"]
[SourceVersion "1"]
[SourceVersionDate "2020.01.31"]
[SourceQuality "1"]

1. e4 e6 2. Nf3 d5 3. e5 Bd7 4. d4 c5 5. dxc5 Bxc5 6. Bd3 Ne7 7. 0-0 Ng6 8. a3 Nc6 9. b4 Bb6 10. Re1 Bc7 11. Bb2 Qb8 12. Nc3 a6 13. Ng5 Bxe5 14. Qh5 Nce7 15. Bxg6 Nxg6 16. Nf3 Bf6 17. Qxd5 Bc6 18. Rxe6+ fxe6 19. Qxe6+ Kf8 20. Re1 Qc7 21. Qc4 Qf7 22. Qc5+ Be7 23. Qe3 Bxf3 24. gxf3 h6 25. Qe4 Bf6 26. Qf5 Nh4 0-1

[Event "TUR-chT 2nd League"]
[Site "Konya"]
[Date "2019.07.23"]
[Round "2.10"]
[White "Eken, Atakan"]
[Black "Erbis, Baris"]
[Result "1/2-1/2"]
[WhiteElo "1763"]
[BlackElo "1904"]
[PlyCount "87"]
[EventDate "2019.07.22"]
[EventType "team-swiss"]
[EventRounds "9"]
[EventCountry "TUR"]
[SourceTitle "CBM 191 Extra"]
[Source "ChessBase"]
[SourceDate "2019.09.30"]
[SourceVersion "1"]
[SourceVersionDate "2019.09.30"]
[SourceQuality "1"]
[WhiteTeam "Marmara Universitesi"]
[BlackTeam "Yalova Altinkale"]
[WhiteTeamCountry "TUR"]
[BlackTeamCountry "TUR"]

1. e4 c5 2. Nf3 d6 3. c3 Nf6 4. Bd3 b6 5. 0-0 e6 6. Bc2 Bb7 7. Re1 Nbd7 8. d4 Qc7 9. d5 e5 10. c4 Be7 11. Nc3 h5 12. Bg5 Nf8 13. Ba4+ N6d7 14. Bxe7 Kxe7 15. Nh4 g6 16. Qd2 a6 17. Rad1 Kd8 18. f4 Kc8 19. Nf3 f6 20. fxe5 Nxe5 21. Nxe5 fxe5 22. Rf1 Kb8 23. Rf6 Nh7 24. Rxg6 Rf8 25. h3 Rf4 26. Rg8+ Bc8 27. Qe3 h4 28. g3 hxg3 29. Qxg3 Ra7 30. Rd2 Nf6 31. Rg6 Qf7 32. Rg5 Nh5 33. Qg2 Rh4 34. Qf2 Rf4 35. Qg2 Qh7 36. Bd1 Nf6 37. Rg3 Qh4 38. Rdd3 Rh7 39. Rde3 Rf7 40. Bf3 Nh5 41. Bxh5 Qxh5 42. Re2 Rh7 43. Ree3 Rhf7 44. Re2 1/2-1/2

[Event "TUR-chT 2nd League"]
[Site "Konya"]
[Date "2018.07.22"]
[Round "9.8"]
[White "Baylav, Bartu"]
[Black "Erbis, Baris"]
[Result "0-1"]
[WhiteElo "1781"]
[BlackElo "1906"]
[PlyCount "76"]
[EventDate "2018.07.16"]
[EventType "team-swiss"]
[EventRounds "9"]
[EventCountry "TUR"]
[SourceTitle "EXT 2019"]
[Source "ChessBase"]
[SourceDate "2018.10.10"]
[SourceVersion "1"]
[SourceVersionDate "2018.10.10"]
[SourceQuality "1"]
[WhiteTeam "Kocaeli Buyuksehir Belediyesi"]
[BlackTeam "Yalova Altinkale"]
[WhiteTeamCountry "TUR"]
[BlackTeamCountry "TUR"]

1. d4 Nf6 2. c4 g6 3. Nc3 Bg7 4. e4 d6 5. f3 0-0 6. Be3 e5 7. Nge2 b6 8. Qd2 c5 9. d5 a6 10. g4 b5 11. Ng3 bxc4 12. Bh6 Ne8 13. h4 f6 14. 0-0-0 Nd7 15. Bxc4 Nb6 16. Be2 Nc7 17. Bxg7 Kxg7 18. g5 Bd7 19. Rdg1 fxg5 20. hxg5 c4 21. Bd1 Nb5 22. Qh2 Rh8 23. Qh6+ Kg8 24. Nh5 gxh5 25. g6 Qf6 26. Qxh5 h6 27. g7 Rh7 28. Kb1 Nxc3+ 29. bxc3 Be8 30. Qh3 Ra7 31. f4 exf4 32. e5 dxe5 33. Bc2 Rhxg7 34. Rd1 Bg6 35. Bxg6 Qxg6+ 36. Ka1 e4 37. Rhg1 Qf6 38. Qh5 Kh7 0-1

[Event "TUR Cup"]
[Site "Antalya"]
[Date "2017.01.31"]
[Round "5"]
[White "Erbis, Baris"]
[Black "Araboga, Mesut"]
[Result "1/2-1/2"]
[WhiteElo "1907"]
[BlackElo "1728"]
[PlyCount "61"]
[EventDate "2017.01.28"]
[EventType "swiss"]
[EventRounds "11"]
[EventCountry "TUR"]
[SourceTitle "CBM 176 Extra"]
[Source "ChessBase"]
[SourceDate "2017.03.02"]
[SourceVersion "1"]
[SourceVersionDate "2017.03.02"]
[SourceQuality "1"]

1. g3 f5 2. Bg2 Nf6 3. d3 d5 4. c4 e6 5. Nf3 Bd6 6. 0-0 0-0 7. Nc3 c6 8. Rb1 a5 9. a3 Na6 10. e4 dxe4 11. dxe4 e5 12. Qe2 fxe4 13. Ng5 Bg4 14. Qc2 Nc5 15. b4 axb4 16. axb4 Nd3 17. c5 Nxc1 18. cxd6 h6 19. Ngxe4 Nxe4 20. Bxe4 Qxd6 21. Qxc1 Qf6 22. Ra1 Rfd8 23. Qe3 Rd4 24. b5 Bh3 25. Rfb1 Rc4 26. f3 Bf5 27. Rf1 Bh3 28. Rf2 Qd6 29. bxc6 bxc6 30. f4 Qb4 31. fxe5 1/2-1/2

[Event "TUR-chT"]
[Site "Konya"]
[Date "2011.07.07"]
[Round "11"]
[White "Erbis, Baris"]
[Black "Okus, Melih"]
[Result "0-1"]
[WhiteElo "1933"]
[BlackElo "1893"]
[PlyCount "44"]
[EventDate "2011.06.28"]
[EventType "team-swiss"]
[EventRounds "13"]
[EventCountry "TUR"]
[SourceTitle "CBM 143 Extra"]
[Source "ChessBase"]
[SourceDate "2011.08.29"]
[SourceVersion "1"]
[SourceVersionDate "2011.08.29"]
[SourceQuality "1"]
[WhiteTeam "Turk Hava Yollari"]
[BlackTeam "Celikkol Turizm Pamukkale"]
[WhiteTeamCountry "TUR"]
[BlackTeamCountry "TUR"]

1. e4 d6 2. d4 Nf6 3. Bd3 g6 4. f4 Bg7 5. Nf3 0-0 6. c3 c5 7. h3 cxd4 8. cxd4 Qb6 9. Qe2 Nh5 10. Qf2 Nc6 11. Nc3 Nxd4 12. Be3 Nxf3+ 13. gxf3 Qa5 14. Ke2 e5 15. f5 Nf4+ 16. Bxf4 exf4 17. Rhg1 Qe5 18. Rad1 Bxf5 19. Rg5 h6 20. Rxf5 gxf5 21. Bc4 fxe4 22. Nxe4 Rac8 0-1

[Event "TUR-chT"]
[Site "Konya"]
[Date "2011.07.04"]
[Round "8"]
[White "Aydogdu, Erkmen"]
[Black "Erbis, Baris"]
[Result "0-1"]
[WhiteElo "2031"]
[BlackElo "1933"]
[PlyCount "66"]
[EventDate "2011.06.28"]
[EventType "team-swiss"]
[EventRounds "13"]
[EventCountry "TUR"]
[SourceTitle "CBM 143 Extra"]
[Source "ChessBase"]
[SourceDate "2011.08.29"]
[SourceVersion "1"]
[SourceVersionDate "2011.08.29"]
[SourceQuality "1"]
[WhiteTeam "Yesilkoy"]
[BlackTeam "Turk Hava Yollari"]
[WhiteTeamCountry "TUR"]
[BlackTeamCountry "TUR"]

1. d4 Nf6 2. c4 g6 3. Nc3 Bg7 4. e4 d6 5. Be2 0-0 6. f4 c5 7. d5 e6 8. Nf3 exd5 9. cxd5 Bg4 10. 0-0 Re8 11. Qc2 Nbd7 12. a4 a6 13. Kh1 Qe7 14. e5 dxe5 15. fxe5 Nxe5 16. Nxe5 Qxe5 17. Bf4 Qh5 18. Bc4 Bf5 19. Qb3 Ng4 20. Ne2 Re3 21. Qxb7 Rf8 22. Ra3 Rxa3 23. bxa3 Be4 24. Kg1 Bh6 25. h3 Ne3 26. Bxe3 Bxe3+ 27. Kh2 Qe5+ 28. g3 h5 29. h4 g5 30. hxg5 h4 31. Qd7 hxg3+ 32. Nxg3 Kg7 33. Kh3 Rh8+ 0-1

[Event "TUR-chT"]
[Site "Konya"]
[Date "2011.07.02"]
[Round "6"]
[White "Yilmazyerli, Mert"]
[Black "Erbis, Baris"]
[Result "1-0"]
[WhiteElo "2318"]
[BlackElo "1933"]
[PlyCount "43"]
[EventDate "2011.06.28"]
[EventType "team-swiss"]
[EventRounds "13"]
[EventCountry "TUR"]
[SourceTitle "CBM 143 Extra"]
[Source "ChessBase"]
[SourceDate "2011.08.29"]
[SourceVersion "1"]
[SourceVersionDate "2011.08.29"]
[SourceQuality "1"]
[WhiteTeam "Besiktas Jimnastik"]
[BlackTeam "Turk Hava Yollari"]
[WhiteTeamCountry "TUR"]
[BlackTeamCountry "TUR"]

1. e4 d6 2. d4 Nf6 3. Nc3 g6 4. Bg5 Bg7 5. e5 Nfd7 6. exd6 cxd6 7. Qd2 Nc6 8. d5 Nd4 9. Nge2 Nxe2 10. Bxe2 h6 11. Be3 a6 12. a4 Qa5 13. 0-0 Ne5 14. f4 Ng4 15. Bd4 Bxd4+ 16. Qxd4 0-0 17. Rae1 Nf6 18. Bd3 Re8 19. f5 g5 20. Rxe7 Rxe7 21. Qxf6 Kf8 22. Qh8# 1-0

[Event "TUR-chT"]
[Site "Konya"]
[Date "2010.07.05"]
[Round "9"]
[White "Erbis, Baris"]
[Black "Korkmaz, Necmettin"]
[Result "0-1"]
[WhiteElo "1950"]
[BlackElo "2199"]
[PlyCount "68"]
[EventDate "2010.06.29"]
[EventType "team-tourn"]
[EventRounds "13"]
[EventCountry "TUR"]
[SourceTitle "CBM 137 Extra"]
[Source "ChessBase"]
[SourceDate "2010.09.01"]
[SourceVersion "1"]
[SourceVersionDate "2010.09.01"]
[SourceQuality "1"]

1. e4 e6 2. d3 d5 3. Nd2 Nf6 4. g3 dxe4 5. dxe4 e5 6. Bg2 Bc5 7. Ngf3 0-0 8. 0-0 Qe7 9. c3 a5 10. Qc2 a4 11. Nc4 Nbd7 12. Nh4 g6 13. Bh6 Re8 14. h3 b6 15. Ne3 Nh5 16. Kh2 c6 17. Bf3 Ndf6 18. Bg5 Ng7 19. b4 axb3 20. axb3 Rxa1 21. Rxa1 Ng4+ 22. Nxg4 Qxg5 23. b4 Bf8 24. Ng2 h5 25. N4e3 Qf6 26. Be2 Ne6 27. h4 Nf4 28. b5 Nxe2 29. Qxe2 Rd8 30. bxc6 Qxc6 31. Nd5 Bc5 32. Qc4 Qe6 33. Ra7 Bxf2 34. g4 hxg4 0-1

[Event "EU-Cup 23rd"]
[Site "Kemer"]
[Date "2007.10.08"]
[Round "6.6"]
[White "Erbis, Baris"]
[Black "Sisatto, Olli"]
[Result "0-1"]
[WhiteElo "2023"]
[BlackElo "2264"]
[PlyCount "62"]
[EventDate "2007.10.03"]
[EventType "team-swiss"]
[EventRounds "7"]
[EventCountry "TUR"]
[SourceTitle "CBM 121"]
[Source "ChessBase"]
[SourceDate "2007.11.14"]
[SourceVersion "1"]
[SourceVersionDate "2007.11.14"]
[SourceQuality "1"]
[WhiteTeam "Turk Hava Yollari"]
[BlackTeam "Tampere"]
[WhiteTeamCountry "TUR"]
[BlackTeamCountry "FIN"]

1. e4 e5 2. Nf3 Nc6 3. Bb5 a6 4. Ba4 d6 5. c3 Nge7 6. d4 Bd7 7. 0-0 Ng6 8. Re1 Be7 9. d5 Nb8 10. Bxd7+ Nxd7 11. Qc2 h6 12. c4 Bg5 13. Nc3 Bxc1 14. Raxc1 0-0 15. Ne2 a5 16. b3 Ne7 17. g4 Ng6 18. Ng3 Nf4 19. Ne2 Qf6 20. Qc3 Nc5 21. Nxf4 Qxf4 22. Qe3 Qxg4+ 23. Kh1 f5 24. Nxe5 Qxe4+ 25. Qf3 Qxf3+ 26. Nxf3 Nd3 27. Kg2 a4 28. b4 a3 29. Nd4 Ra4 30. Nb5 Rxb4 31. Nxa3 Ra8 0-1